• 首页
  • 本馆介绍
  • 公告通知
  • 最新文献
  • 馆藏检索
  • 电子资源
  • 读者导购
  • 参考咨询
  • 我的图书馆
  • 登录
  • 详细信息显示
  • 放入我的书架
  • 预约/预借图书
  • 作者相关作品
  • 分类相关作品
  • 丛书相关作品
  • 出版社相关作品

书目信息

  • 表格格式
  • 工作单格式
  • 卡片格式
题名:
伊斯坦布尔史论
    
 
作者: 刘义 著
分册:  
出版信息: 上海   上海大学出版社  2022.06
页数: 214页
开本: 23cm
丛书名:
单 册:
中图分类: K374.0
科图分类:
主题词:
电子资源:
ISBN: 978-7-5671-4470-5
000 01881nam0 2200289 450
001 CAL 004297309
005 20230217093113.0
010    @a978-7-5671-4470-5@dCNY68.00
100    @a20220723d2022 em y0chiy0120 ea
101 0  @achi
102    @aCN@b310000
105    @ay a 000yy
106    @ar
200 1  @a伊斯坦布尔史论@Ayi si tan bu er shi lun@e城市、帝国及文明@d= Iatanbul in history@ethe city, empires & civilizations@f刘义著@zeng
210    @a上海@c上海大学出版社@d2022.06
215    @a214页@d23cm
300    @a本书受以下基金项目资助: 上海市哲学社会科学规划项目: 从君土坦丁堡到伊斯坦布尔: 一座帝都的变迁史上海市浦江人才计划: “一带一路” 背景下的中国一土耳其关系 上海市曙光学者计划: 前线政体与转型社会一土耳其的民族主义及少数族裔问题教育部哲学社会科学研究重大攻关课题
314    @a刘义, 香港中文大学博士, 现为上海大学历史系教授。曾担任土耳其海峡大学孔子学院中方院长, 联合主编《土耳其蓝皮书》系列。
320    @a有书目 (第185-214页)
330    @a本书从著名小说家帕慕克关于伊斯坦布尔的传记开始, 以个人在土耳其工作和生活的经历结束。主体内容分为三大部分: 第一部分从通史的角度梳理了君士坦丁大帝的传奇、1453年君士坦丁堡陷落在文明史上的意义、凯末尔领导的土耳其革命、埃尔多安关于“新土耳其”的梦想等。第二部分侧重横向分析, 包括伊斯兰教与世俗主义、土耳其民族主义的特征、土耳其的社会主义运动、伊斯兰教与女性主义等社会思潮。第三部分聚焦于文明交往的个案, 包括美国传教士在奥斯曼帝国开设的教育机构、中国与土耳其的早期交往、文明冲突视角下的中东、丝路史学的建构等。本书以伊斯坦布尔这一特殊的城市为中心, 但又不局限于城市本身, 而是延伸为帝国史与文明史的广泛讨论。
510 1  @aIatanbul in history@ethe city, empires & civilizations@zeng
517 1  @a城市、帝国及文明@Acheng shi 、 di guo ji wen ming
607    @a伊斯坦布尔@Ayi si tan bu er@x历史
690    @aK374.0@v5
701  0 @a刘义@Aliu yi@4著
801  0 @aCN@bBJXHZP@c20230228
905    @b1381295-8@dK374.0@e10@f4
    
    伊斯坦布尔史论:城市、帝国及文明= Iatanbul in history:the city, empires & civilizations/刘义著.-上海:上海大学出版社,2022.06
    214页;23cm
    本书受以下基金项目资助: 上海市哲学社会科学规划项目: 从君土坦丁堡到伊斯坦布尔: 一座帝都的变迁史上海市浦江人才计划: “一带一路” 背景下的中国一土耳其关系 上海市曙光学者计划: 前线政体与转型社会一土耳其的民族主义及少数族裔问题教育部哲学社会科学研究重大攻关课题
    
    ISBN 978-7-5671-4470-5:CNY68.00
    本书从著名小说家帕慕克关于伊斯坦布尔的传记开始, 以个人在土耳其工作和生活的经历结束。主体内容分为三大部分: 第一部分从通史的角度梳理了君士坦丁大帝的传奇、1453年君士坦丁堡陷落在文明史上的意义、凯末尔领导的土耳其革命、埃尔多安关于“新土耳其”的梦想等。第二部分侧重横向分析, 包括伊斯兰教与世俗主义、土耳其民族主义的特征、土耳其的社会主义运动、伊斯兰教与女性主义等社会思潮。第三部分聚焦于文明交往的个案, 包括美国传教士在奥斯曼帝国开设的教育机构、中国与土耳其的早期交往、文明冲突视角下的中东、丝路史学的建构等。本书以伊斯坦布尔这一特殊的城市为中心, 但又不局限于城市本身, 而是延伸为帝国史与文明史的广泛讨论。
●
相关链接 在E读中查询图书 在五车中查询图书 在当当中查询图书 在豆瓣中查询图书


正题名:伊斯坦布尔史论     索取号:K374.0/10         预约/预借

序号 登录号 条形码 馆藏地/架位号 状态 备注
1 1381295   213812953   第二样本阅览室/ [索取号:K374.0/10] 在馆    
2 1381296   213812962   第二借阅区/ [索取号:K374.0/10] 在馆    
3 1381297   213812971   第二借阅区/ [索取号:K374.0/10] 在馆    
4 1381298   213812980   第二借阅区/ [索取号:K374.0/10] 在馆    
唐山师范学院图书馆 欢迎您!
大连网信软件有限公司© 版权所有